[Event "Selestat op-B 13th"]
[Site "Selestat"]
[Date "2006.02.??"]
[Round "3"]
[White "Maier, Patrick"]
[Black "Gerthoffert, David"]
[Result "1-0"]
[WhiteElo "1750"]
[BlackElo "1640"]
[PlyCount "65"]
[EventDate "2006.02.23"]
[EventType "swiss"]
[EventRounds "7"]
[EventCountry "FRA"]
[SourceTitle "CBM 111 Extra"]
[Source "ChessBase"]
[SourceDate "2006.05.09"]
[SourceVersion "1"]
[SourceVersionDate "2006.05.09"]
[SourceQuality "1"]

1. d4 d5 2. Nf3 Nf6 3. c4 e6 4. g3 c5 5. Bg2 Nc6 6. cxd5 Nxd5 7. 0-0 cxd4 8. Nxd4 Qb6 9. Nxc6 bxc6 10. a3 a5 11. Qc2 Ba6 12. Rd1 Bc5 13. e3 0-0 14. Nc3 Rfd8 15. Na4 Nb4 16. axb4 Qxb4 17. Bd2 Qg4 18. Nxc5 Bb5 19. Bc3 Be2 20. Rxd8+ Rxd8 21. f3 Bxf3 22. Bxf3 Qxf3 23. Qf2 Rd1+ 24. Rxd1 Qxd1+ 25. Qf1 Qd5 26. Nd3 a4 27. Nf4 Qb3 28. Qa6 h6 29. Qa8+ Kh7 30. Qxc6 g5 31. Qe4+ Kg8 32. Qe5 Kf8 33. Ne2 1-0